Normal view
MARC view
Entry Topical Term
001 - CONTROL NUMBER
- control field: 38027
003 - CONTROL NUMBER IDENTIFIER
- control field: OSt
005 - DATE AND TIME OF LATEST TRANSACTION
- control field: 20230429150225.0
008 - FIXED-LENGTH DATA ELEMENTS
- fixed length control field: 230429|| aca||aabn | a|a d
040 ## - CATALOGING SOURCE
- Original cataloging agency: OSt
- Transcribing agency: OSt
150 ## - HEADING--TOPICAL TERM
- Topical term or geographic name entry element: European union politics, Local politics, Multilevel governance, National politics political confidence, Political sophistication, Political trust.
670 ## - SOURCE DATA FOUND
- Source citation: Work cat.: (OSt): Proszowska, D. Jansen, G. and Denters, B. 38026, Political trust in a multilevel polity: Patterns of differentiation among more and less politically sophisticated citizens
